000
00180nam a2200085Ia 4500
008
170620s9999 xx 000 0 und d
100
_a
Mulla
245
0
_a
Hindu Law
260
_b
Butterwarth Pub
260
_c
2000
999
_c
28557
_d
28557